000 00253nam a2200097Ia 4500
001 1037522
005 20250826231826.0
008 250824s9999 xx 000 0 und d
245 0 _aİLK BÖCEKLER KİTABIM
_cCATHERINE D. HUGNES
260 _bBETA YAYINLARI
999 _c1037522
_d1037522